000 00545nam a2200205Ia 4500
005 20240327093522.0
008 140110s9999 xx 000 0 und d
020 _a9788175964952
040 _aLoreto College
041 _aEnglish
082 _a420.7
_bKUM
100 _aKumar, E. Suresh
245 2 _aA handbook for english language laboratories
_cE. Suresh Kumar and P.Sreehari
260 _aBangalore
_bFoundation
_c2007
300 _ax,171p.
650 _aEnglish method
700 _aSreehari, P.
850 _aLCBED
942 _cBK
999 _c30188
_d80667